Nuestros hijos y las drogas: claves para prevenir, detectar y evitar las adicciones en los jóvenes (Registro nro. 7422)
[ vista simple ]
| 000 -Cabecera | |
|---|---|
| Campo de control de longitud fija | 00660nam a22002417a 4500 |
| 005 - Fecha y hora de la última transacción | |
| Campo de control | 20250721171723.0 |
| 008 - Elementos de longitud fija--Información general | |
| Campo de control de longitud fija | 160119b2009 xxu||||| |||| 00| | spa d |
| 020 ## - International Standard Book Number | |
| Número Internacional Estándar del Libro (ISBN) | 9789974684096 |
| 041 ## - Idioma | |
| Código de idioma | Español |
| 082 ## - Clasificación Decimal Dewey | |
| Número de clasificación | 362.299 O48n |
| 100 ## - Entrada principal--Autor personal | |
| Nombre personal | Olivencia Lorenzo, Juan José |
| 9 (RLIN) | 1472 |
| 245 ## - Título propiamente dicho | |
| Título | Nuestros hijos y las drogas: claves para prevenir, detectar y evitar las adicciones en los jóvenes |
| 260 ## - Pie de imprenta | |
| Lugar de publicación, distribución, etc. | Uruguay |
| 260 ## - Pie de imprenta | |
| Nombre del editor, distribuidor, etc. | Concepto |
| 260 ## - Pie de imprenta | |
| Fecha de publicación, distribución, etc. | 2009 |
| 300 ## - Descripción física | |
| Extensión | 160 páginas |
| 490 ## - Serie | |
| Título de la Serie | Temática General |
| 650 ## - Materia general | |
| Temática (materia general) | DROGAS |
| 650 ## - Materia general | |
| Temática (materia general) | ADICCIONES |
| 650 ## - Materia general | |
| Temática (materia general) | MEDIDAS PREVENTIVAS |
| 650 ## - Materia general | |
| Temática (materia general) | FAMILIAS EN RIESGO |
| 942 ## - Punto de acceso adicional KOHA | |
| Tipo de ítem KOHA | Libro |
| Fuente del sistema de clasificación o colocación | Dewey Decimal Classification |
| Signatura completa | Código de barras | Programa Académico | Tipo de ítem |
|---|---|---|---|
| 362.299 O48n | 19828 | Temática General | Libro |
| 362.299 O48n | 19369 | Temática General | Libro |